<?xml version="1.0" encoding="UTF-8"?>
<record
    xmlns:xsi="http://www.w3.org/2001/XMLSchema-instance"
    xsi:schemaLocation="http://www.loc.gov/MARC21/slim http://www.loc.gov/standards/marcxml/schema/MARC21slim.xsd"
    xmlns="http://www.loc.gov/MARC21/slim">

  <leader>00649nam a22001937a 4500</leader>
  <datafield tag="999" ind1=" " ind2=" ">
    <subfield code="c">179883</subfield>
    <subfield code="d">179883</subfield>
  </datafield>
  <controlfield tag="005">20210713150325.0</controlfield>
  <datafield tag="010" ind1=" " ind2=" ">
    <subfield code="a">ENG-129546</subfield>
  </datafield>
  <datafield tag="020" ind1=" " ind2=" ">
    <subfield code="c">995.00</subfield>
    <subfield code="a">978-0-19-948675-5</subfield>
  </datafield>
  <datafield tag="035" ind1=" " ind2=" ">
    <subfield code="a">EN-113078</subfield>
  </datafield>
  <datafield tag="037" ind1=" " ind2=" ">
    <subfield code="b">DBAD/PUB</subfield>
  </datafield>
  <datafield tag="082" ind1=" " ind2=" ">
    <subfield code="a">S</subfield>
  </datafield>
  <datafield tag="100" ind1=" " ind2=" ">
    <subfield code="a">Tagore and Tagore</subfield>
  </datafield>
  <datafield tag="245" ind1=" " ind2=" ">
    <subfield code="a">Fantasy fictions from the bengal renaissance:The Make - Believe prince, Toddy- cat the Bold/</subfield>
    <subfield code="c">by Tagore &amp;Tagore</subfield>
  </datafield>
  <datafield tag="260" ind1=" " ind2=" ">
    <subfield code="a">New Delhi</subfield>
    <subfield code="b">Oxford university  press</subfield>
    <subfield code="c">2018</subfield>
  </datafield>
  <datafield tag="270" ind1=" " ind2=" ">
    <subfield code="b">New Delhi</subfield>
    <subfield code="a">2/11 ground floor, ansari road , Daryaganj,</subfield>
    <subfield code="e">110002</subfield>
  </datafield>
  <datafield tag="300" ind1=" " ind2=" ">
    <subfield code="a">339p;</subfield>
    <subfield code="c">21cm(pbk)</subfield>
  </datafield>
  <datafield tag="700" ind1=" " ind2=" ">
    <subfield code="a">Translated and Annotated by Sanjay Sircar</subfield>
  </datafield>
  <datafield tag="942" ind1=" " ind2=" ">
    <subfield code="2">ddc</subfield>
    <subfield code="c">EN</subfield>
    <subfield code="h">S</subfield>
    <subfield code="m">TAG</subfield>
  </datafield>
  <datafield tag="952" ind1=" " ind2=" ">
    <subfield code="0">0</subfield>
    <subfield code="1">0</subfield>
    <subfield code="4">0</subfield>
    <subfield code="7">0</subfield>
    <subfield code="8">FIC</subfield>
    <subfield code="a">L</subfield>
    <subfield code="b">L</subfield>
    <subfield code="d">2021-07-13</subfield>
    <subfield code="e">DBAD/PUB</subfield>
    <subfield code="g">995.00</subfield>
    <subfield code="l">1</subfield>
    <subfield code="m">1</subfield>
    <subfield code="o">S TAG</subfield>
    <subfield code="p">EN-113078</subfield>
    <subfield code="r">2024-01-27 00:00:00</subfield>
    <subfield code="s">2023-12-22</subfield>
    <subfield code="t">1</subfield>
    <subfield code="v">995.00</subfield>
    <subfield code="y">EN</subfield>
  </datafield>
</record>
